| 000 | 00869nam a2200265 i 4500 | ||
|---|---|---|---|
| 003 | DO-SdBNP | ||
| 005 | 20250527112644.0 | ||
| 007 | ta | ||
| 008 | 250527b2024 pr ||||| |||| 00| 0 spa d | ||
| 020 | _a9789945637571 | ||
| 040 |
_aDO-SdBNP _bspa _cBNPHU _erda |
||
| 082 | 4 |
_axxx _bxxx _222 |
|
| 100 | 3 |
_aGonzález Rivera, Jeandelize B., _eautor _4aut. _987330 |
|
| 245 | 1 | 3 |
_aEl tabor del cielo : _bmis mujeres / _cJeandelize B. González Rivera |
| 264 | 4 |
_aSan Juan, puerto rico : _bEditorial Isla Negra, _c©2024. |
|
| 300 |
_a78 páginas ; _c22 cm. |
||
| 336 |
_atexto _btxt _2rdacontent |
||
| 337 |
_asin mediación _bn _2rdamedia |
||
| 338 |
_avolumen _bnc _2rdacarrier |
||
| 490 | _aColección El Rostro y La Máscara | ||
| 500 | _aIncluye datos biográficos del autor en las solapas | ||
| 590 | _aInventariado, 2025/BT | ||
| 910 | _aBtavárez | ||
| 942 |
_2ddc _cLBS1 |
||
| 999 |
_c58606 _d58606 |
||